000 00539cam a2200145 4500500
005 20260111090436.0
041 _afre
042 _adc
100 1 0 _aVallin, Pierre
_eauthor
245 0 0 _aPatrick Sbalchiero (sous la dir. de), Dictionnaire des miracles et de l’extraordinaire chrétien, Fayard, 2002, 882 pages, 59 €
260 _c2003.
500 _a18
786 0 _nÉtudes | 398 | 1 | 2003-01-01 | p. 123zi-143zi | 0014-1941
856 4 1 _uhttps://shs.cairn.info/revue-etudes-2003-1-page-123zi?lang=fr&redirect-ssocas=7080
999 _c1618905
_d1618905